UBT Library

Irrational man; (Record no. 41648)

000 -LEADER
fixed length control field 00472cam a22001931 4500
001 - CONTROL NUMBER
control field 2165603
005 - DATE AND TIME OF LATEST TRANSACTION
control field 20180202073801.0
008 - FIXED-LENGTH DATA ELEMENTS--GENERAL INFORMATION
fixed length control field 730515s1958 nyu 000 0 eng
010 ## - LIBRARY OF CONGRESS CONTROL NUMBER
LC control number 58008081
040 ## - CATALOGING SOURCE
Original cataloging agency DLC
Transcribing agency DLC
Modifying agency DLC
041 ## - LANGUAGE CODE
Language code of text/sound track or separate title eng
080 ## - UNIVERSAL DECIMAL CLASSIFICATION NUMBER
Universal Decimal Classification number 111 BAR
082 00 - DEWEY DECIMAL CLASSIFICATION NUMBER
Classification number 111 BAR
100 1# - Rafti
Rafti 24
101 ## - Shkurtesa
Shkurtesa FIL
245 10 - TITLE STATEMENT
Title Irrational man;
906 ## - LOCAL DATA ELEMENT F, LDF (RLIN)
a 7
b cbc
c orignew
d u
e ocip
f 19
g y-gencatlg
942 ## - ADDED ENTRY ELEMENTS (KOHA)
Source of classification or shelving scheme
Item type Books
Holdings
Withdrawn status Lost status Source of classification or shelving scheme Damaged status Not for loan Collection code Permanent location Current location Shelving location Date acquired Total Checkouts Full call number Barcode Date last seen Price effective from Koha item type
          Koleksioni i përgjithshem UBT - Lipjan UBT - Lipjan Koleksioni i përgjithshem 02/02/2018   111 BAR 002-2997485 02/02/2018 02/02/2018 Books
UBT Library © 2015-2024. All rights reserved University Education for Business and Technology